000 00262nam a22001097a 4500
005 20250917114343.0
100 _aSatheesh Chandran, M.g.
245 _aChila Jaalakakkazhchakal
260 _bRubber, 712(september)
_c2025
300 _a16-19
_bMalayalam
942 _cJS
999 _c75572
_d75572